La legítima defensa imprudente
Uloženo v:
| Hlavní autor: | |
|---|---|
| Médium: | Kniha |
| Jazyk: | španělština |
| Vydáno: |
Montevideo
B de F
2008
|
| Témata: | |
| Tagy: |
Přidat tag
Žádné tagy, Buďte první, kdo vytvoří štítek k tomuto záznamu!
|
MARC
| LEADER | 00000nam a2200000 a 4500 | ||
|---|---|---|---|
| 001 | UCG4740 | ||
| 003 | CL-VaPUC | ||
| 008 | 101125e20080000uy |||||||||||||||||spa|d | ||
| 020 | |a 9789974676121 | ||
| 082 | 0 | 4 | |a 345.04 |b ROD |2 21 |
| 100 | 0 | |a Rodríguez Olivar, Gilberto C |e author |9 554188 | |
| 245 | 1 | 3 | |a La legítima defensa imprudente |
| 300 | |a 382 p | ||
| 942 | |c BK | ||
| 945 | |d 20101125 00:00:00 |a mfarfan | ||
| 260 | |a Montevideo |b B de F |c 2008 | ||
| 650 | 0 | |a Legítima defensa |9 383135 | |
| 650 | 0 | |a Autodefensa |9 456042 | |
| 583 | |a last modification |c 20150430 03:59:37 |k Rodrigo Vera | ||
| 999 | |c 343389 |d 343387 | ||
| 952 | |0 0 |1 0 |4 0 |6 345_040000000000000_ROD_2008 |7 0 |8 A |9 440675 |a BIBDER |b BIBDER |d 2019-11-22 |i 4738020 |o 345.04 ROD 2008 |p 4738020 |r 2019-11-22 |w 2019-11-22 |y BK |k DER | ||